Normal view
MARC view
- Deasington, R. J
Entry Personal Name
001 - CONTROL NUMBER
- control field: 107502
003 - CONTROL NUMBER IDENTIFIER
- control field: NUST
005 - DATE AND TIME OF LATEST TRANSACTION
- control field: 20230124094040.0
008 - FIXED-LENGTH DATA ELEMENTS
- fixed length control field: 230124|| aca||aabn | a|a d
040 ## - CATALOGING SOURCE
- Original cataloging agency: NUST
- Transcribing agency: NUST
100 ## - HEADING--PERSONAL NAME
- Personal name: Deasington, R. J
670 ## - SOURCE DATA FOUND
- Source citation: Work cat.: (NUST)175321: Deasington, R. J., A practical guide to computer communications and networking / , 1984.
